01348nab a22002177a 4500999001500000003000400015005001700019008004100036040000700077100002900084245017400113300001500287500003800302505051300340505007200853650002800925650002300953650003300976773010801009942001301117 c6262d6262OSt20260128013046.0190514b xxu||||| |||| 00| 0 spa d cPJ 96971aZanino, Bárbara 13aLa aplicación del principio de autonomía progresiva en las políticas de transferencias sociales destinadas a niñas, niños y adolescentes / cBárbara Zanino.  ap. 127-141 aCita: TR LALEY AR/DOC/2514/2025.  aSumario: I. Introducción.— II. El principio de autonomía progresiva y la dimensión de la autonomía patrimonial de las y los adolescentes.— III. La autonomía progresiva en el marco del Régimen de Asignaciones Familiares de la ley 24.714. La modificación que introdujo el dec. 840/2020 y sus limitaciones.— IV. Una respuesta que aplicó el estándar de la autonomía progresiva patrimonial para garantizar la protección social de una adolescente de 16 años.— V. Cierre provisorio.  tSi te interesa el texto, comunicate a koha@justierradelfuego.gov.ar 09967aDERECHO DE FAMILIA 095662aADOLESCENTES 094691aAUTONOMÍA PROGRESIVA0 0284493222dBuenos Aires : AbeledoPerrot, 1989-tDerecho de familia. N° 122 - Noviembre 2025z18511201 2udccANA